000 00571nam a2200181 a 4500
005 20140412111240.0
008 010710s19uu xx 00 eng d
020 _a0-14-055857-8
050 _aTR(PS E
_bIa1 1993
100 _aShields, Carol Diggory
245 _aI am really a Princess /
_cCaroll Diggory Shields; illustrated by Paul Meisel.
260 _aNew York :
_bPuffin Unicorn Books,
_c1993.
300 _a1v. (unp.) ; ill.
500 _aAn IRA-CBC Children's choice for 1994
650 _aChildren's stories
650 _aPrincess-Faculty
999 _c102663
_d102663